000 00844nas a2200277 4500
001 BR0100074
003 BR-BrBNA
005 20231205102009.0
007 ta
008 230509b bl.|||p| |||| 00| 00por d
040 _aBR-BrBNA
_bpor
_cBiblioteca Nacional de Agricultura
041 _a(Pt)
072 _aP34; F02
100 1 _aSamarao, S.S.
100 1 _aMartins, M.A.
100 1 _aTeixeira, S.L.
245 1 _aProducao de mudas micropropagadas de bananeira (Musa sp.)inoculadas com fungos microrrizicos arbusculares
650 _aBanana
650 _aMuda
650 _aMicropropagacao
650 _aInoculacao
650 _aMicorriza
773 0 _tRevista Brasileira de Fruticultura (Brazil)
_xISSN 0100-2945
_g(Aug 2000), v. 22(2) p. 200-204
_wBR0100074
909 _a202311
_bLúcia
_c55
_dLúcia Elande
942 _2AGRIS
_n0
_cANA
999 _c165168
_d165168